Statistiques concernant Top 20 meilleurs buteurs 2021 (année civil)

Cliquez ici pour prendre le quiz!

Statistiques générales

  • Ce quiz a été pris 236 fois
  • Le résultat moyen est 15 sur 20

Statistiques - réponses

TopNationalitéNb ButsJoueur% Correct
8Portugal34Cristiano Ronaldo
100%
2Norvège43Erling Haaland
100%
3France43Kylian Mbappé
100%
7Argentine34Lionel Messi
100%
5Egypte37Mohamed Salah
100%
4France38Karim Benzema
99%
1Pologne56Robert Lewandowski
97%
19Angleterre22Harry Kane
87%
17Belgique22Romelu Lukaku
84%
12Canada27Jonathan David
76%
20France22Antoine Griezmann
73%
13Italie27Ciro Immobile
73%
18Pays-Bas22Memphis Depay
69%
6Serbie35Dusan Vlahovic
63%
16Argentine23Lautaro Martinez
63%
11Portugal27André Silva
53%
15Rep. Tcheque23Patrik Schick
52%
10France29Wissam Ben Yedder
52%
14Colombie25Duván Zapata
35%
9Espagne30Gerard Moreno
34%

Distribution des résultats

Percentile par nombre de réponses

% des personnes avec chaque résultat

Votre développement - résultats

Vous n’avez pas pris ce quiz